Простая история: пособие по развитию речи для иностранцев, изучающих русский язык

Manylion Llyfryddiaeth
Prif Awdur: Битехтина Н. Б. Наталия Борисовна
Awduron Eraill: Фролкина Л. В. Людмила Вадимовна
Crynodeb:Учебное пособие построено на основе сквозного сюжета, представленного преимущественно в виде диалогов. Книга состоит из шести частей, каждая из которых помимо текста содержит систему упражнений, нацеленных, прежде всего, на развитие навыков устной речи. В пособии при работе с учебным материалом реализуется принцип интерактивности. Пособие ориентировано в первую очередь на краткосрочный курс обучения (приблизительно 40 часов).
Iaith:Rwseg
Cyhoeddwyd: Москва, Русский язык. Курсы, 2019
Rhifyn:3-е изд., стер.
Pynciau:
Fformat: Llyfr
KOHA link:https://koha.lib.tpu.ru/cgi-bin/koha/opac-detail.pl?biblionumber=346697

MARC

LEADER 00000nam0a2200000 4500
001 346697
005 20231102005920.0
010 |a 9785883371768 
035 |a (RuTPU)RU\TPU\book\378580 
090 |a 346697 
100 |a 20211029d2019 m y0rusy50 ca 
101 0 |a rus 
102 |a RU 
105 |a a j 000zy 
200 1 |a Простая история  |e пособие по развитию речи для иностранцев, изучающих русский язык  |f Н. Б. Битехтина, Л. В. Фролкина 
205 |a 3-е изд., стер. 
210 |a Москва  |c Русский язык. Курсы  |d 2019 
215 |a 125 с.  |c ил.  |e CD 
330 |a Учебное пособие построено на основе сквозного сюжета, представленного преимущественно в виде диалогов. Книга состоит из шести частей, каждая из которых помимо текста содержит систему упражнений, нацеленных, прежде всего, на развитие навыков устной речи. В пособии при работе с учебным материалом реализуется принцип интерактивности. Пособие ориентировано в первую очередь на краткосрочный курс обучения (приблизительно 40 часов). 
606 1 |a Русский язык  |x Для других народов  |x Учебные руководства и пособия  |2 stltpush  |3 (RuTPU)RU\TPU\subj\26400  |9 50340 
610 1 |a русский язык для иностранцев 
610 1 |a русский язык как иностранный 
610 1 |a устная речь 
610 1 |a письменная речь 
610 1 |a лексика 
610 1 |a упражнения 
610 1 |a общение 
610 1 |a CD 
610 1 |a аудирование 
610 1 |a учебные пособия 
686 |a Ш141.2-96  |v LBC/SL-A  |2 rubbk 
700 1 |a Битехтина  |b Н. Б.  |g Наталия Борисовна 
701 1 |a Фролкина  |b Л. В.  |g Людмила Вадимовна 
801 1 |a RU  |b 63413507  |c 20211029 
801 2 |a RU  |b 63413507  |c 20211210  |g RCR 
942 |c BK 
959 |a 8/20211029  |d 1  |e 380,00  |f УФ:1